The great andamanese : (Record no. 124667)

MARC details
000 -LEADER
fixed length control field 00745nam a22002297a 4500
005 - DATE AND TIME OF LATEST TRANSACTION
control field 20170124105942.0
010 ## - LIBRARY OF CONGRESS CONTROL NUMBER
LC control number A-410807
020 ## - INTERNATIONAL STANDARD BOOK NUMBER
Terms of availability 00.00
International Standard Book Number 817046076
035 ## - SYSTEM CONTROL NUMBER
System control number A-410807
037 ## - SOURCE OF ACQUISITION
Source of stock number/acquisition Cen Lib/Ret
040 ## - CATALOGING SOURCE
Original cataloging agency DPL
Language of cataloging EN
082 ## - DEWEY DECIMAL CLASSIFICATION NUMBER
Classification number 305.8991
Item number CHA
100 ## - MAIN ENTRY--PERSONAL NAME
Personal name Chakraborty, Dilip Kumar
9 (RLIN) 11534
245 ## - TITLE STATEMENT
Title The great andamanese :
Statement of responsibility, etc by Dilip Kumar Chakraborty
Remainder of title struggling for survival /
260 ## - PUBLICATION, DISTRIBUTION, ETC. (IMPRINT)
Place of publication, distribution, etc Calcutta
Name of publisher, distributor, etc Seagull Books
Date of publication, distribution, etc 1990
270 ## - ADDRESS
Address 26 Circus Avenue
City Calcutta
Postal code 700017
300 ## - PHYSICAL DESCRIPTION
Extent iv,83p.
Dimensions 20cmHb)
500 ## - GENERAL NOTE
General note Includes bibliographic references and index
650 ## - SUBJECT ADDED ENTRY--TOPICAL TERM
Topical term or geographic name as entry element India--Andaman and Nicobar Islands
9 (RLIN) 11535
650 ## - SUBJECT ADDED ENTRY--TOPICAL TERM
Topical term or geographic name as entry element Manners and customs
9 (RLIN) 11536
942 ## - ADDED ENTRY ELEMENTS (KOHA)
Source of classification or shelving scheme Dewey Decimal Classification
Koha item type English Books
Classification part 305.8991
Call number suffix CHA
Holdings
Withdrawn status Lost status Damaged status Not for loan Home library Current library Date acquired Source of acquisition Cost, normal purchase price Total Checkouts Full call number Barcode Date last seen Copy number Cost, replacement price Price effective from Koha item type Public note
Written off       Central Library Central Library 17/06/2015 Cen Lib/Ret 0.00   305.8991 CHA A-410807 17/06/2015 1 0.00 17/06/2015 English Books W/d list no. 6838/12

© Delhi Public Library
Hit Counter
free hit counter